<?xml version="1.0" encoding="UTF-8"?>
<record
    xmlns:xsi="http://www.w3.org/2001/XMLSchema-instance"
    xsi:schemaLocation="http://www.loc.gov/MARC21/slim http://www.loc.gov/standards/marcxml/schema/MARC21slim.xsd"
    xmlns="http://www.loc.gov/MARC21/slim">

  <leader>02664ngi a22005177a 4500</leader>
  <controlfield tag="006">a|||||s|||||00| 0 </controlfield>
  <controlfield tag="007">tz</controlfield>
  <controlfield tag="008">110612s19981960cau|||||s|||| 00| 0beng d</controlfield>
  <datafield tag="020" ind1=" " ind2=" ">
    <subfield code="a">0783226039   </subfield>
  </datafield>
  <datafield tag="020" ind1=" " ind2=" ">
    <subfield code="a">025192018121   </subfield>
  </datafield>
  <datafield tag="082" ind1="0" ind2="4">
    <subfield code="a">791.4372</subfield>
    <subfield code="b">SPA</subfield>
    <subfield code="2">22</subfield>
  </datafield>
  <datafield tag="245" ind1="0" ind2="0">
    <subfield code="a">Spartacus</subfield>
    <subfield code="h">[videorecording] /</subfield>
    <subfield code="c">Produced by Edward Lewis ; directed by Stanley Kubrick ; screen play by Dalton Trumbo</subfield>
  </datafield>
  <datafield tag="260" ind1=" " ind2=" ">
    <subfield code="a">Universal City, CA : </subfield>
    <subfield code="b">Universal Home Video,</subfield>
    <subfield code="c">1998.</subfield>
  </datafield>
  <datafield tag="300" ind1=" " ind2=" ">
    <subfield code="a">1 videodisc (196 min.) : </subfield>
    <subfield code="b">sd., col. ; </subfield>
    <subfield code="c">4 3/4 in. </subfield>
  </datafield>
  <datafield tag="500" ind1=" " ind2=" ">
    <subfield code="a">Based on the novel by Howard Fast</subfield>
  </datafield>
  <datafield tag="500" ind1=" " ind2=" ">
    <subfield code="a">Originally released as a motion picture in 1960.</subfield>
  </datafield>
  <datafield tag="500" ind1=" " ind2=" ">
    <subfield code="a">"Presented uncut and fully restored"--Container. </subfield>
  </datafield>
  <datafield tag="500" ind1=" " ind2=" ">
    <subfield code="a">The epic tale of the bold gladiator slave Spartacus (Douglas), the woman who believed in his cause, and the power-hungry Roman general who challenged his convictions.</subfield>
  </datafield>
  <datafield tag="508" ind1=" " ind2=" ">
    <subfield code="a">Produced by Edward Lewis ; directed by Stanley Kubrick ; screenplay, Dalton Trumbo ; editor, Robert Lawrence ; music, Alex North ; restored by Robert A. Harris and James C. Katz.</subfield>
  </datafield>
  <datafield tag="511" ind1=" " ind2=" ">
    <subfield code="a">Kirk Douglas, Laurence Olivier, Jean Simmons, Charles Laughton, Peter Ustinov, John Gavin, Tony Curtis. </subfield>
  </datafield>
  <datafield tag="520" ind1=" " ind2=" ">
    <subfield code="a">Spartacus is the bold gladiator slave who leads a massive slave revolt against Imperial Rome in this epic true account of man's eternal struggle for freedom.</subfield>
  </datafield>
  <datafield tag="538" ind1=" " ind2=" ">
    <subfield code="a">DVD, Dolby digital 5.1 surround   </subfield>
  </datafield>
  <datafield tag="546" ind1=" " ind2=" ">
    <subfield code="a">In English or French with optional Spanish subtitles   </subfield>
  </datafield>
  <datafield tag="586" ind1=" " ind2=" ">
    <subfield code="a">4 Academy Awards, Best Actor in a Supporting Role - Best Art Direction-Set Decoration - Best Cinematography, Color - Best Costume Design, Color, 1960</subfield>
  </datafield>
  <datafield tag="600" ind1=" " ind2=" ">
    <subfield code="9">24992</subfield>
    <subfield code="a">Spartacus</subfield>
    <subfield code="d">71 B.C.</subfield>
    <subfield code="v">Drama   </subfield>
  </datafield>
  <datafield tag="651" ind1=" " ind2=" ">
    <subfield code="9">24999</subfield>
    <subfield code="a">Rome   </subfield>
    <subfield code="v">Drama</subfield>
    <subfield code="x">History</subfield>
    <subfield code="y">Servile Wars, 135-71 B.C.</subfield>
  </datafield>
  <datafield tag="653" ind1=" " ind2=" ">
    <subfield code="c">June2011</subfield>
  </datafield>
  <datafield tag="655" ind1=" " ind2=" ">
    <subfield code="a">War films   </subfield>
  </datafield>
  <datafield tag="700" ind1=" " ind2=" ">
    <subfield code="9">25016</subfield>
    <subfield code="a">Lewis, Edward</subfield>
    <subfield code="e">pro</subfield>
  </datafield>
  <datafield tag="700" ind1=" " ind2=" ">
    <subfield code="9">25017</subfield>
    <subfield code="a">Trumbo, Dalton</subfield>
    <subfield code="d">1905-1976</subfield>
    <subfield code="e">aus</subfield>
  </datafield>
  <datafield tag="700" ind1=" " ind2=" ">
    <subfield code="9">24993</subfield>
    <subfield code="a">Fast, Howard</subfield>
    <subfield code="d">1914-2003</subfield>
    <subfield code="t">Spartacus.</subfield>
  </datafield>
  <datafield tag="700" ind1=" " ind2=" ">
    <subfield code="9">24994</subfield>
    <subfield code="a">Kubrick, Stanley  </subfield>
    <subfield code="e">drt</subfield>
  </datafield>
  <datafield tag="700" ind1=" " ind2=" ">
    <subfield code="9">24995</subfield>
    <subfield code="a">Douglas, Kirk</subfield>
    <subfield code="d">1916-</subfield>
    <subfield code="e">act</subfield>
  </datafield>
  <datafield tag="700" ind1=" " ind2=" ">
    <subfield code="9">24996</subfield>
    <subfield code="a">Olivier, Laurence</subfield>
    <subfield code="d">1907-1989</subfield>
    <subfield code="e">act</subfield>
  </datafield>
  <datafield tag="700" ind1=" " ind2=" ">
    <subfield code="9">24997</subfield>
    <subfield code="a">Simmons, Jean</subfield>
    <subfield code="d">1929- </subfield>
    <subfield code="e">act</subfield>
  </datafield>
  <datafield tag="700" ind1=" " ind2=" ">
    <subfield code="9">25018</subfield>
    <subfield code="a">Laughton, Charles</subfield>
    <subfield code="d">1899-1962</subfield>
    <subfield code="e">act</subfield>
  </datafield>
  <datafield tag="700" ind1=" " ind2=" ">
    <subfield code="9">25020</subfield>
    <subfield code="a">Gavin, John</subfield>
    <subfield code="e">act</subfield>
  </datafield>
  <datafield tag="700" ind1=" " ind2=" ">
    <subfield code="9">25021</subfield>
    <subfield code="a">Curtis, Tony</subfield>
    <subfield code="e">act</subfield>
  </datafield>
  <datafield tag="700" ind1=" " ind2=" ">
    <subfield code="9">25025</subfield>
    <subfield code="a">North, Alex</subfield>
    <subfield code="e">cmp</subfield>
  </datafield>
  <datafield tag="710" ind1=" " ind2=" ">
    <subfield code="9">25022</subfield>
    <subfield code="a">Universal Pictures Company</subfield>
    <subfield code="e">pro</subfield>
  </datafield>
  <datafield tag="710" ind1=" " ind2=" ">
    <subfield code="9">25023</subfield>
    <subfield code="a">Bryna Productions, Inc.</subfield>
    <subfield code="e">pro</subfield>
  </datafield>
  <datafield tag="710" ind1=" " ind2=" ">
    <subfield code="9">25024</subfield>
    <subfield code="a">Universal Home Video (Firm)</subfield>
    <subfield code="e">dst</subfield>
  </datafield>
  <datafield tag="710" ind1=" " ind2=" ">
    <subfield code="9">25024</subfield>
    <subfield code="a">Universal Home Video (Firm)</subfield>
    <subfield code="e">dst</subfield>
  </datafield>
  <datafield tag="700" ind1=" " ind2=" ">
    <subfield code="9">25019</subfield>
    <subfield code="a">Ustinov, Peter</subfield>
    <subfield code="e">act</subfield>
  </datafield>
  <datafield tag="942" ind1=" " ind2=" ">
    <subfield code="2">ddc</subfield>
    <subfield code="c">BB</subfield>
  </datafield>
  <datafield tag="999" ind1=" " ind2=" ">
    <subfield code="c">15581</subfield>
    <subfield code="d">15581</subfield>
  </datafield>
  <datafield tag="952" ind1=" " ind2=" ">
    <subfield code="0">0</subfield>
    <subfield code="1">0</subfield>
    <subfield code="2">ddc</subfield>
    <subfield code="4">0</subfield>
    <subfield code="7">0</subfield>
    <subfield code="8">Baccah</subfield>
    <subfield code="a">MAIN</subfield>
    <subfield code="b">MAIN</subfield>
    <subfield code="c">2ND</subfield>
    <subfield code="d">2011-06-12</subfield>
    <subfield code="e">Purchase</subfield>
    <subfield code="g">197.00</subfield>
    <subfield code="h">12344</subfield>
    <subfield code="l">0</subfield>
    <subfield code="o">791.4372 SPA</subfield>
    <subfield code="p">000024082</subfield>
    <subfield code="r">2022-08-24 00:00:00</subfield>
    <subfield code="w">2011-06-12</subfield>
    <subfield code="y">CDVDMOV</subfield>
  </datafield>
</record>
